/ اولمپک گیمس (Record no. 109263)

MARC details
000 -LEADER
fixed length control field 00829nam a22002537a 4500
005 - DATE AND TIME OF LATEST TRANSACTION
control field 20170123162351.0
010 ## - LIBRARY OF CONGRESS CONTROL NUMBER
LC control number A-338775
020 ## - INTERNATIONAL STANDARD BOOK NUMBER
Terms of availability 12.00
035 ## - SYSTEM CONTROL NUMBER
System control number A-338775
037 ## - SOURCE OF ACQUISITION
Source of stock number/acquisition Cen Lib/Ret
040 ## - CATALOGING SOURCE
Original cataloging agency DPL
Language of cataloging UR
082 ## - DEWEY DECIMAL CLASSIFICATION NUMBER
Classification number 796
Item number ص ف د
100 ## - MAIN ENTRY--PERSONAL NAME
Personal name حسین، سفدر
9 (RLIN) 136639
245 ## - TITLE STATEMENT
Title / اولمپک گیمس
Statement of responsibility, etc سفدرحسین
246 ## - VARYING FORM OF TITLE
Title proper/short title Olympic Games /
Remainder of title by Safdar Husain
260 ## - PUBLICATION, DISTRIBUTION, ETC. (IMPRINT)
Place of publication, distribution, etc نئی دہلی
Name of publisher, distributor, etc ترقی اردو بیورو
Date of publication, distribution, etc 1987
270 ## - ADDRESS
Address ڈائرکڑئز في اردو بیوروا'وبٹ بلا کت8 آر کے پور م
City نئی دہلی
Postal code 110066
300 ## - PHYSICAL DESCRIPTION
Extent 176p.
Dimensions 20cm(Hb)
Other physical details iill.
650 ## - SUBJECT ADDED ENTRY--TOPICAL TERM
Topical term or geographic name as entry element اردو ادب
9 (RLIN) 136640
650 ## - SUBJECT ADDED ENTRY--TOPICAL TERM
Topical term or geographic name as entry element کھیل
9 (RLIN) 536
650 ## - SUBJECT ADDED ENTRY--TOPICAL TERM
Topical term or geographic name as entry element Urdu Literature
9 (RLIN) 136641
650 ## - SUBJECT ADDED ENTRY--TOPICAL TERM
Topical term or geographic name as entry element Games
9 (RLIN) 22638
942 ## - ADDED ENTRY ELEMENTS (KOHA)
Source of classification or shelving scheme Dewey Decimal Classification
Koha item type Urdu Bks
Classification part 796
Call number suffix ص ف د
Holdings
Withdrawn status Lost status Damaged status Not for loan Home library Current library Date acquired Source of acquisition Cost, normal purchase price Total Checkouts Full call number Barcode Date last seen Copy number Cost, replacement price Price effective from Koha item type
        Central Library Central Library 01/03/2016 Cen Lib/Ref 12.00   796 ص ف د A-338775 01/03/2016 1 12.00 01/03/2016 Urdu Bks

© Delhi Public Library
Hit Counter
free hit counter